000
00330nam a22001337a 4500
008
231104b |||||||| |||| 00| 0 eng d
020
_a
9780070683518
040
_a
06
100
_a
VELTE. T .ANTHONY
245
_a
CLOUD COMPUTING
260
_a
NEW DELHI ARISTA PUB
_b
MC GRAW HILL PUB
_c
31/10/2023
300
_a
334
942
_c
02
999
_c
57632
_d
57632